[Event "11th Essent op"]
[Site "Hoogeveen NED"]
[Date "2007.10.20"]
[Round "9.34"]
[White "Schut, Donna"]
[Black "Friesen, Boris"]
[Result "1-0"]
[WhiteElo "1999"]
[BlackElo "2152"]
[EventDate "2007.10.12"]
[PlyCount "77"]

1.e4 e6 2.d4 d5 3.Nd2 Nf6 4.e5 Nfd7 5.Bd3 c5 6.c3 Nc6 7.Ne2 Qb6 8.O-O cxd4
9.cxd4 Nxd4 10.Nxd4 Qxd4 11.Nf3 Qb6 12.Qa4 Qb4 13.Qc2 Qc5 14.Qa4 Qb4 15.
Qc2 Qc5 16.Qe2 Be7 17.Be3 Qc7 18.Rac1 Qd8 19.Qc2 f5 20.exf6 Nxf6 21.Bd4 
O-O 22.Bxf6 Bxf6 23.Bxh7+ Kh8 24.Rfe1 Qd6 25.Qg6 Qf4 26.Qh5 Qh6 27.Qxh6 
gxh6 28.Rc7 Rd8 29.Bd3 Rd7 30.Rec1 Rxc7 31.Rxc7 Bxb2 32.Nh4 Bf6 33.Ng6+ 
Kg8 34.Nf4 b5 35.g3 b4 36.Bg6 Bd8 37.Rf7 a5 38.Nd3 Rb8 39.Ne5 1-0

[Event "11th Essent op"]
[Site "Hoogeveen NED"]
[Date "2007.10.20"]
[Round "9.35"]
[White "Middelveld, Martine"]
[Black "Van der Veen, Jan"]
[Result "1/2-1/2"]
[WhiteElo "2009"]
[BlackElo "2144"]
[EventDate "2007.10.12"]
[PlyCount "55"]

1.d4 Nf6 2.c4 d6 3.Nc3 e5 4.e4 exd4 5.Qxd4 Nc6 6.Qd2 g6 7.b3 Bg7 8.Bb2 O-O
9.Bd3 Nd4 10.Nge2 Nxe2 11.Qxe2 Nh5 12.g3 f5 13.O-O-O fxe4 14.Nxe4 Bxb2+ 
15.Qxb2 Bg4 16.Rde1 Bf3 17.Rhf1 Qe7 18.Re3 Qg7 19.Qxg7+ Nxg7 20.Rfe1 Rad8 
21.Ng5 Bc6 22.f4 Rfe8 23.Re7 Rxe7 24.Rxe7 Rd7 25.Rxd7 Bxd7 26.Ne4 Kf7 27.
Ng5+ Kg8 28.Ne4 1/2-1/2

[Event "11th Essent op"]
[Site "Hoogeveen NED"]
[Date "2007.10.20"]
[Round "9.36"]
[White "Potze, Rudolf"]
[Black "Hoffman, Ron"]
[Result "1/2-1/2"]
[WhiteElo "2137"]
[BlackElo "2158"]
[EventDate "2007.10.12"]
[PlyCount "149"]

1.e4 Nc6 2.d4 d5 3.e5 Bf5 4.c3 e6 5.b4 f6 6.f4 h5 7.Nf3 h4 8.Bd3 Nge7 9.
O-O Qd7 10.a4 Bxd3 11.Qxd3 f5 12.Na3 Ng6 13.a5 a6 14.Be3 Be7 15.Qe2 Na7 
16.Ne1 Nb5 17.Nb1 O-O 18.Rf3 Kf7 19.Rh3 Qc6 20.Bd2 Qc4 21.Qxc4 dxc4 22.Nc2
Rfc8 23.Nba3 Nxa3 24.Nxa3 b5 25.Nc2 c6 26.Kf2 Rh8 27.Rf3 Rag8 28.h3 Nf8 
29.Re1 Ke8 30.Re2 Nh7 31.Kf1 g5 32.fxg5 Bxg5 33.Be1 Nf8 34.g3 hxg3 35.Rxg3
Bh6 36.Reg2 Kf7 37.Ke2 Ng6 38.Bd2 Bxd2 39.Kxd2 Nf4 40.Rxg8 Rxg8 41.Rxg8 
Kxg8 42.d5 Nxd5 43.Nd4 Kf7 44.Nxc6 Nc7 45.Nd4 Kg6 46.Ke3 f4+ 47.Kxf4 Nd5+ 
48.Kf3 Nxc3 49.Nxe6 Na2 50.Nd4 Nxb4 51.Ke3 Nd5+ 52.Kd2 b4 53.Kc2 Kg5 54.
Kb2 Kf4 55.Nc6 Kf5 56.h4 b3 57.h5 Nf4 58.Nb8 Nd3+ 59.Kc3 Nc5 60.h6 Kg6 61.
e6 Nxe6 62.Nxa6 Kxh6 63.Nb4 Nc5 64.Nd5 Kg6 65.Kxc4 b2 66.Nc3 Ne4 67.Nb1 
Kf6 68.a6 Nd6+ 69.Kc5 Nc8 70.Kc6 Ke7 71.Kc7 Na7 72.Kb7 Nb5 73.Kb6 Nd6 74.
Kc7 Nb5+ 75.Kb6 1/2-1/2

[Event "11th Essent op"]
[Site "Hoogeveen NED"]
[Date "2007.10.20"]
[Round "9.37"]
[White "Rooda, Kai P"]
[Black "Van der Leest, Bert"]
[Result "1/2-1/2"]
[WhiteElo "2146"]
[BlackElo "2199"]
[EventDate "2007.10.12"]
[PlyCount "138"]

1.d4 Nf6 2.Nf3 g6 3.c4 c5 4.Nc3 cxd4 5.Nxd4 Bg7 6.e4 d6 7.Be2 O-O 8.O-O 
Na6 9.Be3 Nc5 10.f3 a5 11.Qd2 a4 12.Rac1 Bd7 13.Rfd1 Qa5 14.Kh1 Rfc8 15.
Nc2 Bc6 16.Na3 Nfd7 17.h3 Ne6 18.Rc2 g5 19.Qc1 Qe5 20.Bf1 Qf6 21.Nd5 Bxd5 
22.exd5 Nf4 23.Qd2 Ne5 24.Qf2 h5 25.g3 Nfg6 26.f4 gxf4 27.gxf4 Nd7 28.Kh2 
Bh6 29.Rd4 Nc5 30.Be2 Qf5 31.Qf3 e5 32.dxe6 Nxe6 33.Rxd6 b5 34.Bd3 Bxf4+ 
35.Bxf4 Qxf4+ 36.Qxf4 Ngxf4 37.Bf5 bxc4 38.Rxc4 Rxc4 39.Nxc4 Rc8 40.Bxe6 
Nxe6 41.b3 axb3 42.axb3 Rc5 43.Kg3 Rb5 44.Rb6 Rd5 45.Kh4 Kg7 46.Rd6 Rb5 
47.Rd3 Nf4 48.Rf3 Ng6+ 49.Kg3 Rb4 50.Kf2 f6 51.Ke2 Ne5 52.Nxe5 fxe5 53.Kd2
Rb7 54.Kc3 Kg6 55.h4 e4 56.Rf4 Re7 57.Kd2 Rb7 58.Kc3 Re7 59.Rf1 Rc7+ 60.
Kd4 Rb7 61.Kc4 Rc7+ 62.Kd5 Rb7 63.Kc4 Rc7+ 64.Kd4 Rb7 65.Kc3 Rc7+ 66.Kb2 
Rb7 67.Rf2 Re7 68.Kc2 Rc7+ 69.Kd1 Rb7 1/2-1/2